| 000 | 00413nam a2200181Ia 4500 | ||
|---|---|---|---|
| 005 | 20251020182527.0 | ||
| 008 | 200515s9999 xx 000 0 und d | ||
| 082 | _a693.5/R32 | ||
| 100 | _aREBOLLO, A. | ||
| 245 | 0 | _aIngeniería y arquitectura de hormigón | |
| 260 | _aBarcelona | ||
| 260 | _c1974 | ||
| 500 | _a1 ejemplar | ||
| 650 | _aARQUITECTURA | ||
| 650 | _aCONCRETO | ||
| 650 | _aLIB | ||
| 942 | _cLIB | ||
| 999 |
_c1950 _d1950 |
||